Words Ending with '-OON' Quiz Stats

 Plays Quiz Updated Jan 24, 2018

Support Sporcle.
Go Orange.
Score 0/24 Timer 05:00
1 Play Today
% Correct
Cocoon
91.7%
Teaspoon
90.9%
Balloon
90.8%
Saloon
90.2%
Baboon
89.9%
Lagoon
89.6%
Raccoon
89.2%
Buffoon
89.1%
Bassoon
88.3%
Tycoon
88.2%
Cartoon
88.1%
Harpoon
87.6%
% Correct
Platoon
87.3%
Spittoon
83.6%
Festoon
83.3%
Typhoon
82.2%
Maroon
81.2%
Monsoon
81%
Doubloon
79.5%
Pontoon
79%
Lampoon
73.2%
Dragoon
57.6%
Simoon
47.8%
Poltroon
45.5%

You're not logged in!

Compare scores with friends on all Sporcle quizzes.
OR
Log In

From the Vault

Horseback Presidents

by Hejman

What would these presidents be without their trusty steed?
Remove Ads.
Support Sporcle.
Get the best of Sporcle when you Go Orange. This ad-free experience offers more features, more stats, and more fun while also helping to support Sporcle. Thank you for becoming a member.

Show Comments

Extras

Top Quizzes Today


Score Distribution

Your Account Isn't Verified!

In order to create a playlist on Sporcle, you need to verify the email address you used during registration. Go to your Sporcle Settings to finish the process.

Report this User

Report this user for behavior that violates our Community Guidelines.

Details: